[Event "Weekend A"]
[Site "Monza ITA"]
[Date "2002.03.16"]
[Round "1"]
[White "Whisstock, David"]
[Black "D'Ettorre, Ireneo"]
[Result "1/2-1/2"]
[WhiteElo "1899"]
[BlackElo "1711"]
[PlyCount "93"]
[EventDate "2002.03.16"]

1. f4 d5 2. Nf3 Nf6 3. e3 c5 4. Be2 g6 5. O-O Bg7 6. d4 O-O 7. c3 Qb6 8. Nbd2
Nc6 9. Nb3 c4 10. Nc5 Qc7 11. b4 b6 12. Na4 Ne4 13. Bd2 Bd7 14. Be1 f5 15. Nb2
Rab8 16. a4 a5 17. b5 Nd8 18. Qc2 Nf7 19. h4 Qd6 20. Ne5 Nxe5 21. fxe5 Qc7 22.
Bf3 Bh6 23. Qe2 Be6 24. Bxe4 fxe4 25. Bg3 Rbe8 26. Bf4 Bxf4 27. exf4 Qd7 28.
Nd1 Bg4 29. Qd2 Bxd1 30. Qxd1 e6 31. h5 gxh5 32. Qxh5 Rf5 33. Qh4 Qe7 34. Qxe7
Rxe7 35. g3 Rg7 36. Kf2 Rh5 37. Rh1 Rxh1 38. Rxh1 Rg6 39. Rh4 Kg7 40. g4 Rh6
41. Kg3 Rxh4 42. Kxh4 Kg6 43. Kg3 h5 44. Kh4 hxg4 45. Kxg4 Kf7 46. Kh3 Kg7 47.
Kg3 1/2-1/2

[Event "Weekend A"]
[Site "Monza ITA"]
[Date "2002.03.17"]
[Round "2"]
[White "D'Ettorre, Ireneo"]
[Black "Cammarota, Vittorio"]
[Result "1/2-1/2"]
[WhiteElo "1711"]
[BlackElo "1711"]
[PlyCount "109"]
[EventDate "2002.03.16"]

1. c4 Nf6 2. Nf3 d6 3. d4 g6 4. g3 Bg7 5. Bg2 O-O 6. O-O Nc6 7. Nc3 Rb8 8. d5
Na5 9. Qd3 c5 10. e4 Ng4 11. h3 Nh6 12. Nd2 a6 13. a3 b6 14. b4 Nb7 15. Ra2 Bd7
16. Bb2 Qc8 17. Kh2 f6 18. Qe2 Nd8 19. b5 a5 20. Ncb1 Nhf7 21. f4 e5 22. dxe6
Nxe6 23. Nf3 h5 24. h4 Nh6 25. Nc3 Nc7 26. Qd3 Ng4+ 27. Kg1 Re8 28. Rd1 Bf8 29.
Nh2 Nh6 30. Nd5 Nxd5 31. Qxd5+ Be6 32. Qd3 Bf7 33. Bxf6 Qe6 34. Bc3 Qxc4 35.
Qxc4 Bxc4 36. Rb2 a4 37. Nf1 Ng4 38. Re1 Rbd8 39. Ne3 Nxe3 40. Rxe3 d5 41. Be5
d4 42. Re1 Bd6 43. Bxd6 Rxd6 44. e5 Rdd8 45. Bf1 Bb3 46. Rc1 d3 47. Rd2 c4 48.
Rc3 Rd4 49. Bg2 Kg7 50. Kf2 Red8 51. Ke3 R4d7 52. Bc6 Re7 53. Ke4 Kh6 54. Ke3
Rf7 55. Rc1 1/2-1/2

[Event "Weekend A"]
[Site "Monza ITA"]
[Date "2002.03.17"]
[Round "2"]
[White "Gandolfi, Gianfranco"]
[Black "Zacco, Remo"]
[Result "1/2-1/2"]
[WhiteElo "1740"]
[BlackElo "1821"]
[PlyCount "148"]
[EventDate "2002.03.16"]

1. e4 e5 2. Nf3 Nc6 3. d4 exd4 4. Bc4 Nf6 5. e5 d5 6. Bb5 Ne4 7. Nxd4 Bd7 8.
Bxc6 bxc6 9. O-O Bc5 10. f3 Ng5 11. Be3 Bb6 12. Qd2 h6 13. Nc3 c5 14. Nde2 d4
15. Bxg5 Qxg5 16. Qxg5 hxg5 17. Ne4 O-O-O 18. Nxg5 Rdf8 19. Ng3 c4 20. Kh1 f6
21. exf6 gxf6 22. N5e4 d3 23. cxd3 Rxh2+ 24. Kxh2 Rh8+ 25. Nh5 Rxh5+ 26. Kg3 f5
27. Nf6 f4+ 28. Kxf4 Rf5+ 29. Kg3 Rxf6 30. dxc4 Be3 31. Rae1 Rg6+ 32. Kh2 Bf4+
33. Kg1 Bf5 34. Re7 Bd3 35. Rd1 Bf5 36. b4 Be6 37. Rd3 Bd6 38. Rxd6 cxd6 39.
Rxa7 Bxc4 40. Re7 Bxa2 41. Kf2 d5 42. g4 d4 43. Ke2 Bc4+ 44. Kd2 d3 45. Re5 Kd7
46. Rc5 Ba6 47. b5 Bb7 48. Kxd3 Bxf3 49. g5 Bg2 50. b6 Rxb6 51. Kd4 Ke6 52. Ra5
Kf7 53. Ke3 Kg6 54. Kf4 Bh3 55. Kg3 Bf5 56. Kf4 Rb4+ 57. Ke5 Kxg5 58. Kd6 Kf6
59. Kc5 Re4 60. Ra6+ Ke5 61. Ra7 Be6 62. Re7 Kf6 63. Ra7 Rc4+ 64. Kb5 Ke5 65.
Re7 Rd4 66. Kc5 Rd5+ 67. Kb4 Kd6 68. Ra7 Bd7 69. Ra6+ Bc6 70. Ra7 Rd4+ 71. Kc3
Rd1 72. Kc2 Bf3 73. Ra5 Kc6 74. Rg5 Rd6 1/2-1/2

[Event "Weekend A"]
[Site "Monza ITA"]
[Date "2002.03.17"]
[Round "2"]
[White "Pace, Pietro Dario"]
[Black "Whisstock, David"]
[Result "1-0"]
[WhiteElo "2116"]
[BlackElo "1899"]
[PlyCount "125"]
[EventDate "2002.03.16"]

1. e4 e6 2. d4 d5 3. Nc3 Nf6 4. e5 Nfd7 5. f4 a6 6. Nf3 c5 7. Be3 Nc6 8. dxc5
Bxc5 9. Bxc5 Nxc5 10. Ne2 Qb6 11. Rb1 Ne4 12. Ned4 Bd7 13. c3 Rc8 14. Bd3 Nxd4
15. Nxd4 O-O 16. O-O Nc5 17. Bc2 f5 18. exf6 Rxf6 19. Kh1 Qc7 20. Qh5 g6 21.
Qe5 Qxe5 22. fxe5 Rff8 23. Kg1 b5 24. Rxf8+ Rxf8 25. Rf1 Nb7 26. Rxf8+ Kxf8 27.
b4 Nd8 28. Kf2 Nf7 29. Nf3 Ke7 30. Ke3 Be8 31. Kd4 Kd7 32. Kc5 Kc7 33. h4 Nd8
34. Ng5 h6 35. Nh3 Bc6 36. g3 Be8 37. Nf4 g5 38. hxg5 hxg5 39. Nh3 d4 40. Kxd4
Nc6+ 41. Ke3 Nxe5 42. Nxg5 Nc4+ 43. Kf4 e5+ 44. Kf3 Bc6+ 45. Ke2 Bd7 46. Bb3
Bg4+ 47. Kd3 Bf5+ 48. Ne4 Nd6 49. Bd5 Bg6 50. g4 Nc4 51. Ke2 Nb6 52. Nf6 Na4
53. Ne4 Nb6 54. Nf6 Nxd5 55. Nxd5+ Kd6 56. Ne3 Bb1 57. a3 Ke6 58. Kf3 Bd3 59.
g5 Bg6 60. Kg4 Bd3 61. Kh5 Kf7 62. Kh6 Kg8 63. g6 1-0

[Event "Weekend A"]
[Site "Monza ITA"]
[Date "2002.03.17"]
[Round "2"]
[White "Poletto, Daniele"]
[Black "Miatello, Alberto"]
[Result "1/2-1/2"]
[WhiteElo "1969"]
[BlackElo "1797"]
[PlyCount "84"]
[EventDate "2002.03.16"]

1. c4 Nf6 2. g3 g6 3. Bg2 Bg7 4. Nc3 O-O 5. Nf3 d6 6. O-O Nbd7 7. d3 e5 8. Rb1
c6 9. b4 d5 10. e3 Re8 11. Nd2 Nf8 12. e4 dxe4 13. dxe4 Ne6 14. Nb3 Nd4 15. Be3
Ng4 16. Re1 Nxe3 17. Rxe3 Be6 18. Nc5 Bxc4 19. Nxb7 Qe7 20. Nc5 a5 21. a3 axb4
22. axb4 Red8 23. Qg4 Nc2 24. Rf3 Nxb4 25. Rxb4 Qxc5 26. Rb1 Bd3 27. Rc1 Bh6
28. Rd1 Qxc3 29. Bf1 Ra1 30. Rfxd3 Rxd3 31. Bxd3 Rxd1+ 32. Qxd1 Qc1 33. Qxc1
Bxc1 34. Kf1 Kf8 35. Ke2 Ke7 36. Bc4 f6 37. Kd3 Kd6 38. Bg8 h6 39. Kc4 Bb2 40.
f3 Bd4 41. h3 Bf2 42. g4 g5 1/2-1/2

[Event "Weekend A"]
[Site "Monza ITA"]
[Date "2002.03.17"]
[Round "2"]
[White "Tortora, Franco"]
[Black "Bison, Beniamino"]
[Result "0-1"]
[WhiteElo "2002"]
[BlackElo "2174"]
[PlyCount "124"]
[EventDate "2002.03.16"]

1. d4 e6 2. c4 Nf6 3. g3 d5 4. Bg2 Be7 5. Nf3 O-O 6. O-O c6 7. Qc2 Nbd7 8. Rd1
b6 9. b3 Ba6 10. Nbd2 Rc8 11. Ne5 c5 12. Nxd7 Qxd7 13. dxc5 Bxc5 14. Bb2 Qe7
15. Qd3 Bb4 16. Rac1 Bxd2 17. Rxd2 dxc4 18. bxc4 Rfd8 19. Qe3 Rxd2 20. Qxd2
Rxc4 21. Rd1 h6 22. e3 Rc7 23. Ba3 Qd7 24. Qe1 Qe8 25. Qb4 Bb7 26. Bxb7 Rxb7
27. Qf4 Rd7 28. Rc1 Qd8 29. Qa4 Qa8 30. Bb2 Qe4 31. Qa6 Qb7 32. Qc4 Ne4 33.
Qc8+ Qxc8 34. Rxc8+ Kh7 35. Rc2 Rd2 36. Rxd2 Nxd2 37. Bc3 Ne4 38. Bd4 Kg8 39.
f3 Nd6 40. Kf2 Kf8 41. Ke2 g6 42. Kd3 Ke7 43. e4 Kd7 44. Be3 h5 45. Kc3 Kc6 46.
a4 Nb7 47. Kb4 a6 48. Bf2 f5 49. Kc4 fxe4 50. fxe4 e5 51. h3 Nd6+ 52. Kd3 a5
53. g4 hxg4 54. hxg4 b5 55. axb5+ Kxb5 56. Bg3 Nc4 57. Kc3 a4 58. Bh2 Nd6 59.
Bxe5 Nxe4+ 60. Kb2 Kb4 61. Bg7 a3+ 62. Ka2 Nc3+ 0-1

[Event "Weekend A"]
[Site "Monza ITA"]
[Date "2002.03.17"]
[Round "3"]
[White "Cammarota, Vittorio"]
[Black "Pace, Pietro Dario"]
[Result "0-1"]
[WhiteElo "1711"]
[BlackElo "2116"]
[PlyCount "66"]
[EventDate "2002.03.16"]

1. d4 d5 2. Nf3 Nf6 3. e3 c6 4. Bd3 e6 5. Nbd2 Nbd7 6. c3 Bd6 7. O-O O-O 8. Re1
e5 9. e4 dxe4 10. Nxe4 Nxe4 11. Bxe4 exd4 12. Nxd4 Qc7 13. g3 Nf6 14. Bf5 g6
15. Bc2 Bg4 16. Qd3 a6 17. Bg5 Nd5 18. Qe4 Bd7 19. Qh4 c5 20. Nf3 Rfe8 21. Rad1
Rxe1+ 22. Rxe1 Bf8 23. Bh6 Bg7 24. Bxg7 Kxg7 25. c4 Nf6 26. Re7 Qd6 27. Re5 Bc6
28. Re3 b6 29. Qg5 Bxf3 30. Rxf3 Qd4 31. b3 Re8 32. Qc1 Re2 33. Rf4 Qc3 0-1

[Event "Weekend A"]
[Site "Monza ITA"]
[Date "2002.03.17"]
[Round "3"]
[White "Poletto, Daniele"]
[Black "Tortora, Franco"]
[Result "0-1"]
[WhiteElo "1969"]
[BlackElo "2002"]
[PlyCount "36"]
[EventDate "2002.03.16"]

1. c4 c5 2. Nc3 Nf6 3. g3 d5 4. cxd5 Nxd5 5. Bg2 Nc7 6. Nf3 Nc6 7. O-O e5 8. d3
Be7 9. a3 O-O 10. Bd2 Ne6 11. Rc1 Rb8 12. Na2 Ned4 13. Nxd4 Nxd4 14. e3 Nc6 15.
Qe2 Bf5 16. Be4 Bh3 17. Bg2 Bxg2 18. Kxg2 Qd5+ 0-1

[Event "Weekend A"]
[Site "Monza ITA"]
[Date "2002.03.17"]
[Round "3"]
[White "Whisstock, David"]
[Black "Gandolfi, Gianfranco"]
[Result "1/2-1/2"]
[WhiteElo "1899"]
[BlackElo "1740"]
[PlyCount "81"]
[EventDate "2002.03.16"]

1. f4 c5 2. c4 Nf6 3. Nc3 d6 4. e4 Nc6 5. Nf3 Bg4 6. Be2 Bxf3 7. Bxf3 g6 8. O-O
Bg7 9. d3 O-O 10. Be3 Nd7 11. Qd2 e6 12. Rad1 Rb8 13. g4 a6 14. Qf2 Nd4 15. Rd2
b5 16. cxb5 axb5 17. Ne2 Nxf3+ 18. Qxf3 Qa5 19. b3 Qb4 20. Rfd1 Ra8 21. d4 c4
22. bxc4 bxc4 23. e5 Rfc8 24. Rc2 d5 25. Bd2 Qa3 26. Nc3 Rcb8 27. Bc1 Qa5 28.
g5 Bf8 29. h4 Ba3 30. Bd2 Rb2 31. Rdc1 Rxc2 32. Rxc2 Rb8 33. h5 Rb2 34. Nd1
Qxd2 35. Rxd2 Rxd2 36. Qxa3 Rxd1+ 37. Kf2 gxh5 38. Qa8+ Kg7 39. Qa7 c3 40. Qxd7
c2 41. Qe7 1/2-1/2

[Event "Weekend A"]
[Site "Monza ITA"]
[Date "2002.03.17"]
[Round "3"]
[White "Zacco, Remo"]
[Black "D'Ettorre, Ireneo"]
[Result "1-0"]
[WhiteElo "1821"]
[BlackElo "1711"]
[PlyCount "81"]
[EventDate "2002.03.16"]

1. e4 Nf6 2. Nc3 d5 3. exd5 Nxd5 4. Bc4 Nb6 5. Bb3 e6 6. Nf3 Be7 7. d4 Nc6 8.
Bf4 a6 9. Qd2 Na5 10. O-O Nxb3 11. axb3 O-O 12. Ne4 Nd5 13. Bg5 Bd7 14. c4 Bxg5
15. Nexg5 Nf6 16. Ne5 Qe7 17. Rfe1 Rad8 18. Rad1 Bc8 19. Qc2 h6 20. Ngf3 Qb4
21. Re3 c6 22. Qc1 Qb6 23. Red3 Rfe8 24. Qf4 Qc7 25. g4 Nh7 26. Qe3 f6 27. Ng6
Qf7 28. Ngh4 Ng5 29. Ne1 e5 30. dxe5 Rxd3 31. Qxd3 Bxg4 32. f3 Bc8 33. Nf5 Bxf5
34. Qxf5 fxe5 35. Qg4 Rf8 36. Rd7 Qg6 37. Kf2 Ne4+ 38. Ke3 Qxg4 39. fxg4 Nc5
40. Re7 Nxb3 41. Rxb7 1-0

[Event "Weekend A"]
[Site "Monza ITA"]
[Date "2002.03.23"]
[Round "4"]
[White "Pace, Pietro Dario"]
[Black "Bison, Beniamino"]
[Result "1/2-1/2"]
[WhiteElo "2116"]
[BlackElo "2174"]
[PlyCount "71"]
[EventDate "2002.03.16"]

1. e4 e6 2. d4 d5 3. e5 c5 4. c3 Nc6 5. Nf3 Bd7 6. Be2 f6 7. exf6 Nxf6 8. O-O
Bd6 9. Bg5 O-O 10. Bh4 Qb6 11. b3 Rae8 12. Bg3 Bxg3 13. hxg3 e5 14. dxe5 Nxe5
15. Nbd2 Bc6 16. Nxe5 Rxe5 17. Bd3 Rfe8 18. Qc2 R5e7 19. g4 Qc7 20. g5 Ne4 21.
Nxe4 dxe4 22. Bc4+ Kh8 23. g6 Re5 24. Qe2 hxg6 25. Qg4 Rh5 26. g3 e3 27. f3 Qe7
28. Kg2 b5 29. Qxg6 Rh6 30. Rh1 Bxf3+ 31. Kxf3 Qb7+ 32. Kg4 Qd7+ 33. Kg5 Qe7+
34. Kg4 Qd7+ 35. Kg5 Qe7+ 36. Kg4 1/2-1/2

[Event "Weekend A"]
[Site "Monza ITA"]
[Date "2002.03.23"]
[Round "4"]
[White "Zacco, Remo"]
[Black "Tortora, Franco"]
[Result "0-1"]
[WhiteElo "1821"]
[BlackElo "2002"]
[PlyCount "65"]
[EventDate "2002.03.16"]

1. e4 e6 2. d4 d5 3. Nd2 Be7 4. Ngf3 Nf6 5. e5 Nfd7 6. Bd3 c5 7. c3 Nc6 8. O-O
Qb6 9. Re1 cxd4 10. cxd4 Nxd4 11. Nxd4 Qxd4 12. Nf3 Qb6 13. Qa4 Qb4 14. Qc2 Nb6
15. Bd2 Qc5 16. Bc3 Bd7 17. a4 Rc8 18. a5 Nc4 19. Qe2 a6 20. b3 Na3 21. Bb2 Nb5
22. Rac1 Qb4 23. Rxc8+ Bxc8 24. Rc1 Bd7 25. Qc2 Qxa5 26. Bxh7 Qb4 27. Bd3 Bc6
28. Bxb5 Bxb5 29. Qc8+ Bd8 30. Bc3 Qe7 31. Ba5 O-O 32. Qc3 Bxa5 33. Qxa5 0-1

[Event "V Weekend A Primavera"]
[Site "Genova ITA"]
[Date "2002.03.15"]
[Round "1"]
[White "Di Paolo, Raffaele"]
[Black "Ricci, Massimo"]
[Result "1-0"]
[WhiteElo "2329"]
[BlackElo "1618"]
[PlyCount "49"]
[EventDate "2002.03.15"]

1. e4 e6 2. d3 d5 3. Qe2 Be7 4. Nf3 b6 5. g3 Bb7 6. Bg2 Nf6 7. e5 Nfd7 8. h4 c5
9. O-O Nc6 10. Re1 Qc7 11. Nc3 Ba6 12. Bf4 c4 13. Nxd5 exd5 14. e6 Qb7 15.
exd7+ Qxd7 16. Ne5 cxd3 17. cxd3 Nd4 18. Qd1 Qb7 19. Qa4+ Nb5 20. Ng4 Kf8 21.
Rac1 Bc5 22. b4 Bd4 23. Qb3 Rd8 24. a4 h5 25. axb5 1-0

[Event "V Weekend A Primavera"]
[Site "Genova ITA"]
[Date "2002.03.16"]
[Round "3"]
[White "Vozza, Nicola"]
[Black "De Santis, Alessio"]
[Result "0-1"]
[WhiteElo "1822"]
[BlackElo "2274"]
[PlyCount "38"]
[EventDate "2002.03.15"]

1. d4 d6 2. c4 f5 3. Nc3 Nf6 4. e3 g6 5. Bd3 Bg7 6. Nge2 Nc6 7. b3 e5 8. d5 e4
9. dxc6 exd3 10. Nd4 Ne4 11. Nxe4 fxe4 12. cxb7 Bxb7 13. Ne6 Bc3+ 14. Bd2 Bxd2+
15. Kxd2 Qf6 16. Nxc7+ Kd8 17. Nxa8 Qb2+ 18. Ke1 Rf8 19. Rf1 Qc3+ 0-1

[Event "I Weekend A"]
[Site "Montebelluna ITA"]
[Date "2002.03.01"]
[Round "1"]
[White "Artizzu, Giulio"]
[Black "Genocchio, Daniele"]
[Result "0-1"]
[WhiteElo "2129"]
[BlackElo "2303"]
[PlyCount "78"]
[EventDate "2002.03.01"]

1.e4 e5 2.Nf3 Nc6 3.Bb5 a6 4.Ba4 d6 5.d4 b5 6.Bb3 Nxd4 7.Nxd4 exd4 8.Bd5 
Rb8 9.Qxd4 Nf6 10.O-O Be7 11.Bc6+ Bd7 12.Bxd7+ Qxd7 13.Bg5 Qg4 14.Qe3 O-O 
15.Nc3 Rfe8 16.f3 Qe6 17.Rad1 c6 18.a3 h6 19.Bf4 Nd7 20.Ne2 Rbc8 21.Nd4 
Qf6 22.Nf5 d5 23.Nxe7+ Rxe7 24.Rde1 Rce8 25.Qd2 Qxb2 26.Bd6 Re6 27.exd5 
Rxe1 28.Rxe1 Rxe1+ 29.Qxe1 Qd4+ 30.Kf1 Nf6 31.Be5 Qc4+ 32.Kg1 Nxd5 33.Bd6 
Qd4+ 34.Kh1 Ne3 35.Bg3 Qd1 36.Qxd1 Nxd1 37.Kg1 Ne3 38.c3 f6 39.Kf2 Nd5 0-1

[Event "I Weekend A"]
[Site "Montebelluna ITA"]
[Date "2002.03.01"]
[Round "1"]
[White "De Santis, Alessio"]
[Black "Opacic, Alexandar"]
[Result "1-0"]
[WhiteElo "2274"]
[BlackElo "2112"]
[PlyCount "69"]
[EventDate "2002.03.01"]

1.d4 d5 2.c4 c6 3.Nc3 Nf6 4.e3 e6 5.Nf3 Nbd7 6.Bd3 Bd6 7.e4 dxe4 8.Nxe4 
Nxe4 9.Bxe4 Nf6 10.Bc2 Qc7 11.O-O Bd7 12.Qe2 O-O-O 13.Ne5 Be8 14.Bf4 Nd7 
15.Bg3 f6 16.Nd3 Bxg3 17.hxg3 Bf7 18.Rfd1 g5 19.b4 h5 20.b5 Kb8 21.bxc6 
Qxc6 22.Nb4 Qc8 23.Rab1 f5 24.c5 a5 25.c6 axb4 26.cxd7 Qxd7 27.Rxb4 Qd6 
28.Rdb1 Rd7 29.Ba4 Rc7 30.Qb2 Qa6 31.d5 Rd8 32.Bc6 Bg8 33.Bxb7 Rxb7 34.
Rxb7+ Ka8 35.Rb8+ 1-0

[Event "I Weekend A"]
[Site "Montebelluna ITA"]
[Date "2002.03.01"]
[Round "1"]
[White "Drei, Andrea"]
[Black "Ronchetti, Niccolo'"]
[Result "1-0"]
[WhiteElo "2244"]
[BlackElo "1939"]
[PlyCount "81"]
[EventDate "2002.03.01"]

1.e4 c5 2.Nf3 Nc6 3.d4 cxd4 4.Nxd4 Nf6 5.Nc3 e5 6.Ndb5 d6 7.Nd5 Nxd5 8.
exd5 Ne7 9.c4 Nf5 10.Bd3 Be7 11.O-O O-O 12.f4 Qb6+ 13.Kh1 exf4 14.Bxf4 a6 
15.Nc3 Qxb2 16.Bd2 Nh4 17.Rb1 Qa3 18.Qe2 Bd8 19.Rb3 Qc5 20.Ne4 Qc7 21.Bf4 
Nf5 22.c5 Nd4 23.Qf2 Nxb3 24.Bxd6 Qd7 25.Bxf8 Qxd5 26.axb3 Be6 27.Bc2 Kxf8
28.Nd6 Rb8 29.Bxh7 Qxb3 30.Bf5 Bd5 31.Qe2 Be7 32.Qh5 f6 33.Re1 Qb4 34.Qh8+
Bg8 35.Rxe7 Qb1+ 36.Bxb1 Kxe7 37.Qxg7+ Ke6 38.Qg4+ Ke7 39.Qg7+ Ke6 40.Ba2+
Ke5 41.Bxg8 1-0

[Event "I Weekend A"]
[Site "Montebelluna ITA"]
[Date "2002.03.01"]
[Round "1"]
[White "Efimov, Igor"]
[Black "Navarro, Stefano"]
[Result "1-0"]
[WhiteElo "2444"]
[BlackElo "2148"]
[PlyCount "59"]
[EventDate "2002.03.01"]

1.d4 d5 2.c4 e6 3.Nc3 c6 4.e3 Nf6 5.Nf3 Nbd7 6.Bd3 dxc4 7.Bxc4 b5 8.Bd3 
Bb7 9.O-O b4 10.Na4 c5 11.Nxc5 Nxc5 12.dxc5 Bxc5 13.Bb5+ Ke7 14.Qe2 Qb6 
15.a3 Rhd8 16.b3 a5 17.Bb2 Bxf3 18.gxf3 Rd5 19.Bc4 Rh5 20.axb4 Bxb4 21.f4 
Rh4 22.Qf3 Rg8 23.Rfd1 h5 24.h3 Nh7 25.Kf1 g5 26.f5 Rc8 27.Rac1 Qc6 28.
Bxe6 Qb5+ 29.Bc4 Qb8 30.Qd5 1-0

[Event "I Weekend A"]
[Site "Montebelluna ITA"]
[Date "2002.03.01"]
[Round "1"]
[White "Popa, Claudiu"]
[Black "Cacco, Christian"]
[Result "0-1"]
[WhiteElo "2068"]
[BlackElo "2254"]
[PlyCount "78"]
[EventDate "2002.03.01"]

1.e4 g6 2.d4 Bg7 3.f4 d5 4.e5 h5 5.Bd3 Nh6 6.Nf3 Bf5 7.O-O Qc8 8.Qe2 Bxd3 
9.Qxd3 Nf5 10.Be3 Nc6 11.Bf2 Bh6 12.Ng5 O-O 13.Nc3 Bxg5 14.fxg5 Qd7 15.Ne2
Nd8 16.Nf4 c6 17.Rad1 Ng7 18.Be3 Kh7 19.Rf3 Nde6 20.Nxe6 Qxe6 21.Rdf1 Kg8 
22.c3 Rac8 23.Kh1 b6 24.Qa6 Rc7 25.Bf4 c5 26.Be3 cxd4 27.Bxd4 Qg4 28.Rg3 
Qe4 29.Re3 Qh4 30.Ref3 Ne6 31.Be3 Qc4 32.Qxc4 Rxc4 33.g3 Re4 34.h4 Rxe5 
35.Kg2 Re4 36.Rd1 Nc7 37.Bd4 e5 38.Be3 Re8 39.Rdf1 Re7 0-1

[Event "I Weekend A"]
[Site "Montebelluna ITA"]
[Date "2002.03.01"]
[Round "1"]
[White "Torelli, Mirco"]
[Black "Del Monaco, Andrea"]
[Result "0-1"]
[WhiteElo "1935"]
[BlackElo "2192"]
[PlyCount "80"]
[EventDate "2002.03.01"]

1.d4 Nf6 2.c4 g6 3.Nc3 Bg7 4.e4 d6 5.Be2 O-O 6.Nf3 e5 7.O-O Nc6 8.d5 Ne7 
9.Ne1 Nd7 10.Nd3 f5 11.Bd2 Nf6 12.f3 f4 13.c5 g5 14.Rc1 Ng6 15.Nb5 Rf7 16.
cxd6 cxd6 17.Qc2 Ne8 18.Kh1 h5 19.a4 g4 20.Be1 Bh6 21.Nxa7 Rc7 22.Nc6 bxc6
23.dxc6 Rg7 24.Rg1 g3 25.h3 Be6 26.Nb4 Nh4 27.Bc4 Qc8 28.Qb3 Nc7 29.Nd5 
Nxd5 30.Bxd5 Bxd5 31.Qxd5+ Kh7 32.Rc3 Rxa4 33.Qxd6 Qc7 34.Qd5 Ra1 35.b4 
Qa7 36.Rc5 Qa3 37.Rc3 Qb2 38.Qb3 Qe2 39.Qc4 Qxe1 40.Qc5 Qe2 0-1

[Event "I Weekend A"]
[Site "Montebelluna ITA"]
[Date "2002.03.02"]
[Round "2"]
[White "Cacco, Christian"]
[Black "Efimov, Igor"]
[Result "0-1"]
[WhiteElo "2254"]
[BlackElo "2444"]
[PlyCount "76"]
[EventDate "2002.03.01"]

1.d4 e6 2.Nf3 d5 3.Bf4 Nf6 4.Nbd2 Be7 5.h3 c5 6.e3 b6 7.c3 O-O 8.Bd3 Bb7 
9.Qb1 Nbd7 10.O-O h6 11.b4 Qc8 12.Bh2 a5 13.b5 a4 14.Ne5 Nxe5 15.dxe5 Nd7 
16.c4 f6 17.Nf3 fxe5 18.Nxe5 Nxe5 19.Bxe5 Bf6 20.Bxf6 Rxf6 21.e4 Qc7 22.
exd5 exd5 23.Qc2 Qf4 24.Rae1 Raf8 25.cxd5 Bxd5 26.Be4 Be6 27.Re2 Kh8 28.
Rd1 Qg5 29.Rd3 Qh4 30.Rg3 Bd7 31.Qxa4 Re6 32.Qc2 Bxb5 33.Qb2 Qxg3 34.Qxb5 
Qd6 35.Bc2 Rxe2 36.Qxe2 Qd4 37.Kh2 c4 38.Qe7 Qxf2 0-1

[Event "I Weekend A"]
[Site "Montebelluna ITA"]
[Date "2002.03.02"]
[Round "2"]
[White "Del Monaco, Andrea"]
[Black "De Santis, Alessio"]
[Result "1-0"]
[WhiteElo "2192"]
[BlackElo "2274"]
[PlyCount "57"]
[EventDate "2002.03.01"]

1.e4 c5 2.Nf3 e6 3.d3 Nc6 4.g3 Be7 5.Bg2 h5 6.h3 d6 7.c3 Nf6 8.Qe2 Qc7 9.
O-O Nd7 10.d4 e5 11.Na3 a6 12.Nc4 Nb6 13.Ne3 cxd4 14.cxd4 Nxd4 15.Nxd4 
exd4 16.Nf5 Bxf5 17.exf5 Kf8 18.Re1 Bf6 19.Bf4 Nd7 20.Rac1 Qb6 21.g4 hxg4 
22.hxg4 Be5 23.g5 d3 24.Qf3 Bxf4 25.Qxf4 Ne5 26.f6 Re8 27.fxg7+ Kxg7 28.
Qf6+ Kg8 29.Rxe5 1-0

[Event "I Weekend A"]
[Site "Montebelluna ITA"]
[Date "2002.03.02"]
[Round "2"]
[White "Genocchio, Daniele"]
[Black "Drei, Andrea"]
[Result "1-0"]
[WhiteElo "2303"]
[BlackElo "2244"]
[PlyCount "87"]
[EventDate "2002.03.01"]

1.c4 e5 2.Nc3 Nf6 3.g3 d5 4.cxd5 Nxd5 5.Bg2 Nb6 6.Nf3 Nc6 7.O-O Be7 8.a3 
O-O 9.b4 Be6 10.Bb2 Nc4 11.Bc1 f5 12.d3 Nb6 13.Be3 Bf6 14.Rc1 Nd4 15.Nd2 
c6 16.Re1 Nd5 17.Bxd4 exd4 18.Nxd5 Bxd5 19.Bxd5+ Qxd5 20.Qb3 Rad8 21.Rc5 
Qxb3 22.Nxb3 g6 23.Rec1 Rfe8 24.Re1 Re7 25.Kg2 Kf7 26.Kf3 Rde8 27.h3 Rd7 
28.Rc4 g5 29.g4 fxg4+ 30.hxg4 Rde7 31.a4 a6 32.b5 axb5 33.axb5 cxb5 34.Rb4
Rd8 35.Rxb5 Kg6 36.Rb6 Rf8 37.Nxd4 h5 38.e3 Rd7 39.Kg3 Kh7 40.Ne6 Be5+ 41.
Kg2 Re8 42.Nxg5+ Kh8 43.d4 Rg7 44.Re6 1-0

[Event "I Weekend A"]
[Site "Montebelluna ITA"]
[Date "2002.03.02"]
[Round "2"]
[White "Navarro, Stefano"]
[Black "Popa, Claudiu"]
[Result "1-0"]
[WhiteElo "2148"]
[BlackElo "2068"]
[PlyCount "95"]
[EventDate "2002.03.01"]

1.e4 e5 2.Nf3 Nc6 3.Bc4 Nf6 4.Nc3 Be7 5.d3 d6 6.h3 Na5 7.Bb3 Nxb3 8.axb3 
a6 9.O-O O-O 10.Bg5 h6 11.Be3 Nh7 12.d4 Bf6 13.Ne2 Ng5 14.Nxg5 hxg5 15.Ng3
exd4 16.Bxd4 Re8 17.Re1 Be5 18.Bxe5 Rxe5 19.Qd4 Bd7 20.Nf1 Qe7 21.Nd2 Bc6 
22.Re3 Re8 23.Rae1 b6 24.Kh2 Rc5 25.Nc4 b5 26.e5 bxc4 27.exd6 Qxd6+ 28.
Qxd6 cxd6 29.Rxe8+ Bxe8 30.Rxe8+ Kh7 31.bxc4 Rxc4 32.Re2 Rb4 33.b3 Kg6 34.
Rd2 Rb6 35.Kg3 f6 36.Kf3 Rc6 37.Ke4 Rc5 38.c4 f5+ 39.Ke3 Kf7 40.Rxd6 Re5+ 
41.Kd2 a5 42.Rd5 Kf6 43.Kd3 f4 44.Rxe5 Kxe5 45.f3 g6 46.Kc3 Kd6 47.Kd4 Kc6
48.c5 1-0

[Event "I Weekend A"]
[Site "Montebelluna ITA"]
[Date "2002.03.02"]
[Round "2"]
[White "Ronchetti, Niccolo'"]
[Black "Artizzu, Giulio"]
[Result "1-0"]
[WhiteElo "1939"]
[BlackElo "2129"]
[PlyCount "95"]
[EventDate "2002.03.01"]

1.e4 c5 2.Nf3 d6 3.d4 cxd4 4.Nxd4 Nf6 5.Nc3 a6 6.Bc4 e6 7.O-O Be7 8.Bb3 
O-O 9.Qf3 Nbd7 10.Qg3 Nc5 11.Bh6 Ne8 12.Rad1 Bh4 13.Qg4 Bf6 14.Qg3 Bh4 15.
Qg4 Bf6 16.Qg3 b5 17.a3 Bb7 18.Rfe1 Kh8 19.Bc1 Qc7 20.Ba2 Be7 21.b4 Nd7 
22.a4 bxa4 23.Nxa4 Nb6 24.Nxb6 Qxb6 25.Qb3 d5 26.exd5 Bxd5 27.c4 Bb7 28.
Ba3 Qc7 29.Bb1 Nf6 30.Rc1 Qf4 31.Qe3 Qg4 32.f3 Qh5 33.Nf5 Bd8 34.Ng3 Qh4 
35.Qc5 Rg8 36.Bb2 Rc8 37.Qd4 Qxd4+ 38.Bxd4 Be7 39.c5 Rgd8 40.Be3 Nd5 41.
Be4 f5 42.Bxd5 Bxd5 43.Bf4 a5 44.Nxf5 Bf8 45.Nd6 Bxd6 46.cxd6 Rxc1 47.Rxc1
axb4 48.d7 1-0

[Event "I Weekend A"]
[Site "Montebelluna ITA"]
[Date "2002.03.02"]
[Round "3"]
[White "Artizzu, Giulio"]
[Black "Torelli, Mirco"]
[Result "1-0"]
[WhiteElo "2129"]
[BlackElo "1935"]
[PlyCount "67"]
[EventDate "2002.03.01"]

1.e4 c5 2.Nf3 e6 3.d4 cxd4 4.Nxd4 Nf6 5.Nc3 d6 6.Bc4 Be7 7.O-O O-O 8.Be3 
Nc6 9.f4 a6 10.Bb3 Bd7 11.f5 e5 12.Nxc6 Bxc6 13.Bg5 Ne8 14.Bxe7 Qxe7 15.
Qe2 Rd8 16.Rad1 b5 17.a3 Kh8 18.Rf3 Nc7 19.Qf2 f6 20.Rh3 h6 21.Rdd3 Be8 
22.Qd2 Kh7 23.Rdg3 a5 24.Nd5 Nxd5 25.Bxd5 Rc8 26.Rh4 Rh8 27.Rgh3 Qf8 28.
Qxa5 Qe7 29.Qd2 Qf8 30.b4 Rc7 31.g4 Bf7 32.g5 fxg5 33.Qxg5 Bxd5 34.Rxh6+ 
1-0

[Event "I Weekend A"]
[Site "Montebelluna ITA"]
[Date "2002.03.02"]
[Round "3"]
[White "De Santis, Alessio"]
[Black "Navarro, Stefano"]
[Result "1-0"]
[WhiteElo "2274"]
[BlackElo "2148"]
[PlyCount "101"]
[EventDate "2002.03.01"]

1.d4 d5 2.c4 e6 3.Nc3 Nf6 4.cxd5 exd5 5.Bg5 Be7 6.e3 Bf5 7.Bxf6 Bxf6 8.Qb3
c6 9.Qxb7 Qb6 10.Qxb6 axb6 11.Kd2 Na6 12.Bd3 Be6 13.a3 O-O 14.Nge2 c5 15.
Bxa6 Rxa6 16.Nb5 Rc8 17.Rhc1 Bd7 18.Nbc3 Be6 19.b4 cxb4 20.axb4 Rxa1 21.
Rxa1 Be7 22.b5 Bb4 23.f3 g5 24.Kd3 Rc7 25.Ra4 Ba5 26.e4 dxe4+ 27.fxe4 Bb3 
28.Ra3 Bc4+ 29.Ke3 f6 30.Ra1 Kg7 31.Rc1 Rd7 32.g4 Kf7 33.d5 Bb4 34.Kd4 
Bxe2 35.Nxe2 Bd6 36.Rc6 Be5+ 37.Kc4 Rb7 38.h3 h6 39.Nc3 Ke7 40.Na4 Bc7 41.
Re6+ Kf7 42.Rc6 Ke7 43.d6+ Bxd6 44.Nxb6 Be5 45.Kc5 Kd8 46.Rc8+ Ke7 47.Kc6 
Rb8 48.Nd5+ Kf7 49.Rxb8 Bxb8 50.b6 Ke8 51.Nc7+ 1-0

[Event "I Weekend A"]
[Site "Montebelluna ITA"]
[Date "2002.03.02"]
[Round "3"]
[White "Drei, Andrea"]
[Black "Del Monaco, Andrea"]
[Result "1-0"]
[WhiteElo "2244"]
[BlackElo "2192"]
[PlyCount "41"]
[EventDate "2002.03.01"]

1.e4 c5 2.f4 e6 3.Nf3 d5 4.Bb5+ Bd7 5.Qe2 Nf6 6.e5 Ng8 7.Bxd7+ Nxd7 8.c4 
Ne7 9.Nc3 d4 10.Ne4 Nc6 11.O-O Be7 12.Nfg5 h5 13.d3 Bxg5 14.Nd6+ Kf8 15.
fxg5 Ndxe5 16.Nxf7 Nxf7 17.g6 e5 18.Rxf7+ Kg8 19.Qf3 Qe8 20.Qd5 Rd8 21.
Re7+ 1-0